Statistics for New Zealand True or False

Click here to take the quiz!

General Stats

  • This quiz has been taken 1,563 times
    (626 since last reset)
  • The average score is 9 of 15

Answer Stats

QuestionAnswer% Correct
New Zealand women could vote for Members of Parliament from 1893, a world firstTrue
91%
Kiwis can flyFalse
89%
Wellington is New Zealand's capital and largest cityFalse
82%
The Waterview Tunnel in suburban Auckland is New Zealand's longest road tunnelTrue
77%
The North Island is larger than the South IslandFalse
73%
New Zealand has two official languages, plus a third, de-facto, languageTrue
68%
New Zealand experienced a gold rush in the 1860'sTrue
68%
The South Island was previously called CanterburyFalse
58%
The Liberal Party of the longest serving Prime Minister, Dick Seddon, no longer existsTrue
55%
There is no railway connecting Auckland and WellingtonFalse
52%
The North Island is less than one kilometre wide at Auckland cityTrue
52%
Stewart Island, off the South Island's southern coast, has the third largest populationFalse
51%
New Zealand's summer Olympic teams usually have over 250 participantsFalse
47%
The Constitution of Australia names New Zealand as an Australian stateTrue
25%
Rotorua is built on more than 50 (now dormant, fortunately) volcanoesFalse
13%

Score Distribution

Percentile by Number Answered

Percent of People with Each Score

Your Score History

You have not taken this quiz since the last reset